00775nam a2200205Ia 4500001000600000003000500006008004100011010001100052040000900063100002600072245017200098260004100270300001900311502008100330650003400411650003600445650003400481650002400515700003000539Z_554CHAP220113s1983 xx 000 0 und d a163664 cCHAP aMoreno Alvarez, Mario aUtilización del grano de cervecería ensilado como ingredientes en raciones para vacas lecheras en producción /cpor Mario Moreno Alvarez y Pedro Terrazas Medina aChapingo, Méx. :bEl autor,c1983 a76 h. gráfs. aTesis (Ing. Agrónomo Esp. en Zootecnia) -- UACH. Departamento de Zootecnia aCebada malteraxSubproductos  aGanado lecheroxAlimentación  aGanado lecheroxProducción  aLechexProducción aI. Terrazas Molina, Pedro